Theologia naturalis

Gespeichert in:
Bibliographische Detailangaben
1. Verfasser: Girardi, Julius (VerfasserIn)
Format: Buch
Sprache:Latein
Veröffentlicht: Turín Internazionale 1962
Schriftenreihe:Institutiones Philosophiae, 6
Schlagworte:
Tags: Tag hinzufügen
Keine Tags, Fügen Sie den ersten Tag hinzu!

MARC

LEADER 00000nam a2200000 a 4500
001 UCZ5303
003 CL-VaPUC
008 951117e19620000IT |||||||||||||||||lat|d
082 0 4 |a 210  |b GIR  |2 21 
100 |a Girardi, Julius  |e author  |9 503758 
245 1 0 |a Theologia naturalis 
300 |a 269 p 
942 |c BK 
945 |d 19951117 00:00:00  |a lriquelm 
260 |a Turín  |b Internazionale  |c 1962 
600 0 |a Dios  |9 314467 
650 0 |a Teología   |9 258766 
650 0 |a Creencia Religiosa  |9 316904 
650 0 |a Voluntad  |9 307812 
650 0 |a Religión   |9 255164 
650 0 |a Filosofía cristiana   |9 265980 
583 |a last modification  |c 19951117 00:00:00  |k Rodrigo Vera 
490 0 |a Institutiones Philosophiae, 6 
999 |c 241622  |d 241620 
952 |0 0  |1 0  |4 0  |6 210_000000000000000_GIR_1962  |7 0  |8 P  |9 254000  |a BIBEDU  |b BIBEDU  |c BIBEDU_PB  |d 2019-11-19  |i 1571036  |o 210 GIR 1962  |p 1571036  |r 2024-01-25  |w 2019-11-19  |y BK  |k FIL